Spaza shops in Delft: The changing face of township entrepreneurship (Record no. 76696)
[ view plain ]
| 000 -LEADER | |
|---|---|
| fixed length control field | 01168nam a2200229 a 4500 |
| 008 - FIXED-LENGTH DATA ELEMENTS--GENERAL INFORMATION | |
| fixed length control field | 120809s2011 ||||||||||||||||| || u |
| 020 ## - INTERNATIONAL STANDARD BOOK NUMBER | |
| International Standard Book Number | 9781868087235 |
| 050 ## - LIBRARY OF CONGRESS CALL NUMBER | |
| Classification number | ACCD(08)WP/6A |
| 100 ## - MAIN ENTRY--PERSONAL NAME | |
| Personal name | Charman, Andrew |
| 245 10 - TITLE STATEMENT | |
| Title | Spaza shops in Delft: The changing face of township entrepreneurship |
| Statement of responsibility, etc. | By Andrew charman, Leif Petersen and Laurence Piper |
| 260 ## - PUBLICATION, DISTRIBUTION, ETC. | |
| Place of publication, distribution, etc. | Bellville |
| Name of publisher, distributor, etc. | African Centre for Citizenship and Democracy |
| Date of publication, distribution, etc. | 2011 |
| 300 ## - PHYSICAL DESCRIPTION | |
| Extent | 27p. |
| 490 ## - | |
| -- | African Centre for Citizenship and Democracy Working Papers |
| 500 ## - GENERAL NOTE | |
| General note | Working paper 2 |
| 650 ## - SUBJECT ADDED ENTRY--TOPICAL TERM | |
| Topical term or geographic name entry element | STORES, RETAIL--SOUTH AFRICA--MANAGEMENT |
| 700 ## - ADDED ENTRY--PERSONAL NAME | |
| Personal name | Piper, Laurence |
| 700 ## - ADDED ENTRY--PERSONAL NAME | |
| Personal name | Petersen, Leif |
| 710 ## - ADDED ENTRY--CORPORATE NAME | |
| Corporate name or jurisdiction name as entry element | African Centre for Citizenship and Democracy (ACCEDE) |
| 995 ## - | |
| -- | SPECIAL COLLECTIONS |
| -- | 113 |
| -- | CBU-MAIN LIBRARY (Kitwe) |
| -- | ACCD(08)WP/6A |
| -- | 1 |
| -- | AVAILABLE |
| -- | Aug 15, 2012 |
| -- | B113 |
| -- | International Publications |
| 995 ## - | |
| -- | SPECIAL COLLECTIONS |
| -- | 115 |
| -- | CBU-MAIN LIBRARY (Kitwe) |
| -- | ACCD(08)WP/6C |
| -- | 3 |
| -- | AVAILABLE |
| -- | Aug 15, 2012 |
| -- | B115 |
| -- | International Publications |
| 995 ## - | |
| -- | SPECIAL COLLECTIONS |
| -- | 114 |
| -- | CBU-MAIN LIBRARY (Kitwe) |
| -- | ACCD(08)WP/6B |
| -- | 2 |
| -- | AVAILABLE |
| -- | Aug 15, 2012 |
| -- | B114 |
| -- | International Publications |
| 999 ## - | |
| -- | 76696 |
| -- | 76696 |
| Withdrawn status | Lost status | Source of classification or shelving scheme | Damaged status | Not for loan | Permanent Location | Current Location | Shelving location | Date acquired | Total Checkouts | Full call number | Barcode | Date last seen | Copy number | Price effective from | Koha item type |
|---|---|---|---|---|---|---|---|---|---|---|---|---|---|---|---|
| CBU-MAIN LIBRARY, KITWE. | CBU-MAIN LIBRARY, KITWE. | 04/25/2023 | ACCD(08)WP/6A | B113 | 04/25/2023 | 1 | 04/25/2023 | SPECIAL COLLECTION | |||||||
| CBU-MAIN LIBRARY, KITWE. | CBU-MAIN LIBRARY, KITWE. | 04/25/2023 | ACCD(08)WP/6C | B115 | 04/25/2023 | 2 | 04/25/2023 | SPECIAL COLLECTION | |||||||
| CBU-MAIN LIBRARY, KITWE. | CBU-MAIN LIBRARY, KITWE. | 04/25/2023 | ACCD(08)WP/6B | B114 | 04/25/2023 | 3 | 04/25/2023 | SPECIAL COLLECTION |